000 00477nam a2200181Ia 4500
003 GCL
008 140319s9999 xx 000 0 eng d
040 _aGCL /
_cGCL
082 0 4 _a720.92
_bA M
100 1 _aACADEMY EDITIONS
245 1 0 _aMIGUEL ANGEL ROCA /
_cACADEMY EDITIONS
260 _a[S.N] :
_bACADEMY EDITIONS ،
_c1994
300 _a144 P
650 0 4 _aARCHITECTURE
650 0 4 _aROCA, MIGUEL ANGEL
650 0 4 _aLATIN AMERCIAN - ARCHITECTURE
942 _2ddc
_cBK
999 _c11068
_d11068